000 00892nam a2200217 4500
001 3135
005 20181127170542.0
010 0 0 _a
020 0 0 _a
090 0 0 _a954.98 S79711third 2011
100 0 0 _aThinley, Lyonchhen Jigme Yoeser.
240 _aBhutan. Annual report.
_h
_l
_f
_k
_m
_n
_o
_p
_r
_s
245 0 0 _aFourth annual report of Lyonchhen Jigme Yoeser Thinley to the ninth session of the First Parliament on the state of the nation /
_b
_cLyonchhen Jigme Yoeser Thinley.
_h
260 0 0 _aThimphu :
_bCabinet Secretariat,
_c2012.
300 0 0 _a123 p.
500 0 0 _a"9th July 2012"
650 0 0 _a
_x
650 0 0 _a
_x
650 0 0 _aBhutan.
_x
856 _a
_uhttp://www.anti-corruption.org.bt/sites/default/files/The%20state%20of%20the%20nation%20(English).pdf
_yFourth annual report of Lyonchhen Jigme Yoeser Thinley to the ninth session of the first Parliament on the state of the nation
_z
_3
999 _c2526
_d2526